Guess The Youtubers By Logo - Statistics

General Stats
  • This quiz has been taken 2,633 times
  • The average score is 6 of 8
Answer Stats
Picture Answer % Correct
MrBeast
99%
Cocomelon
92%
Dude Perfect
77%
WWE
76%
T-Series
73%
PewDiePie
70%
Markiplier
59%
Airrack
51%
No matching quizzes found
Score Distribution
Percent of People with Each Score
Percentile by Number Answered
Your Score History
You have not taken this quiz